=LDR 00000nam 2200000 4500 =001 INLIS000000000010410 =005 20200803111354 =035 ##$$a 0010-061300000010410 =008 200803################g##########0#ind## =041 ##$$a Ind =082 ##$$a 2x7.210 4 =090 ##$$a 2x7.210 4 Qar b =100 1#$$a Qaradhawi, Yusuf =245 1#$$a Bagaimana berinteraksi dengan peninggalan ulama salaf /$c Drs. Yusuf Al-Qaradhawi =260 ##$$a Jakarta,$c 2003 =300 ##$$a xviii, 435 hlm, ; $c 14 x 21 cm =650 #4$$a Ulama Salaf =850 ##$$a NBPNMAT =020 ##$$a 979-592-222-X =084 ##$$a 2x7.210 4 QAR b =250 ##$$a cet.1 =990 ##$$a 10310728 =990 ##$$a 10310730